Ancient Rulers - Statistics

General Stats
  • This quiz has been taken 74 times
  • The average score is 6 of 16
Answer Stats
Picture Answer % Correct
Alexander the Great
92%
Ramesses the Great
70%
Leonidas I
56%
Qin Shi Huang
56%
Boudica
45%
Cyrus the Great
42%
Emperor Trajan
42%
Hannibal
41%
Vercingetorix
30%
Chandragupta Maurya
24%
Nebuchadnezzar II
21%
Ashurbanipal
20%
Septimia Zenobia
12%
Septimius Severus
12%
Trung Sisters
3%
Dionysius the Younger
0%
No matching quizzes found
Score Distribution
Percent of People with Each Score
Percentile by Number Answered
Your Score History
You have not taken this quiz